[Event "Hoogeveen Essent op"]
[Site "Hoogeveen"]
[Date "2000.10.20"]
[Round "8"]
[White "Ulybin, Mikhail"]
[Black "Tiviakov, Sergei"]
[Result "0-1"]
[WhiteElo "2583"]
[BlackElo "2608"]
[Annotator "Tiviakov,S"]
[PlyCount "130"]
[EventDate "2000.10.13"]
[EventType "swiss"]
[EventRounds "9"]
[EventCountry "NED"]
[SourceTitle "CBM 078 Extra"]
[Source "ChessBase"]
[SourceDate "2000.11.10"]
[SourceVersion "1"]
[SourceVersionDate "2000.11.10"]
[SourceQuality "1"]

1. d4 Nf6 2. c4 e6 3. Nc3 Bb4 4. f3 Nc6 5. e4 d5 (5... e5) 6. cxd5 (6. e5 Ng8
7. a3 (7. Be3 Nge7 8. c5 Nf5 9. Bf2 O-O 10. Nge2 b6 11. cxb6 axb6 12. a3 Be7
13. Ng3 Nxg3 14. hxg3 Ba6 15. Bxa6 Na5 16. b4 Rxa6 17. Qd3 h6 18. Qxa6 Nc4 19.
O-O Qd7 20. Rfc1 Qc6 21. Qa4 Qb7 22. Qb3 c6 23. Nd1 b5 24. Nb2 Ra8 25. Nxc4
bxc4 26. Qc2 Qb5 27. Be1 Ra4 28. Bc3 Bd8 29. f4 g6 30. g4 Kg7 31. f5 Bg5 32.
Rf1 Bh4 33. fxe6 fxe6 34. g3 Bg5 35. Qf2 Ra7 36. Qf8+ Kh7 37. Rf7+ Rxf7 38.
Qxf7+ Kh8 39. Qf8+ Kh7 40. Rf1 {1-0 Balabaev,F-Skoberne,J/Nova Gorica SLO 2000
(40)}) 7... Bxc3+ 8. bxc3 dxc4 9. Qa4 Bd7 10. Qxc4 Na5 11. Qb4 c5 $1 $17 {
50/(557)}) (6. a3 Bxc3+ 7. bxc3 dxe4 8. fxe4 e5 $1 $13 {50/(557)}) 6... exd5 7.
e5 Ng8 (7... Nd7 8. f4 Nb6 (8... Nf8 9. Nf3 Bg4 10. Be2 Ne6 11. Be3 O-O 12. O-O
Ne7 13. Nh4 Bxe2 14. Nxe2 Nc6 15. Nf5 f6 16. Neg3 Kh8 17. Qg4 g6 18. Nh4 f5 19.
Nxg6+ hxg6 20. Qxg6 Ncxd4 21. Qh6+ Kg8 22. Bxd4 Nxd4 23. Qg6+ Kh8 {1/2-1/2
Adorjan,A-McCambridge,V/New York 1984/MCD (23)}) 9. Nf3 Bg4 10. Be2 O-O 11. O-O
Ne7 12. a3 Bxc3 13. bxc3 Nc4 14. Qb3 Qd7 15. Bxc4 dxc4 16. Qxc4 Be6 17. Qe2 Qc6
18. Qc2 Rfd8 19. Ng5 {1/2-1/2 Riazantsev, Alexander - Moizhess, Igor/Moscow
Russia (5) 1995}) (7... Nh5 8. Nge2 g6 9. g3 Ng7 10. Bg2 Be6 11. O-O Qd7 12. a3
Be7 13. b4 h5 14. h4 Nf5 15. Qd3 Bxh4 16. gxh4 Nxh4 17. Rf2 Nf5 18. Bg5 h4 19.
Bf6 Rh7 20. Kh2 Nce7 21. Nf4 c6 22. Nxe6 Qxe6 23. Ne2 O-O-O 24. Nf4 Qd7 25. Bh3
Rg8 26. Bxe7 Qxe7 27. Bxf5+ Kb8 28. Bg4 h3 29. Rc2 {1-0 Auram,S-Kostovski,K/
Logrono 1998/EXT 2000 (29)}) 8. Bb5 $146 (8. a3 Ba5 {[><d4]} 9. Bb5 (9. Be3
Nge7 10. Bb5 O-O (10... Bd7 $5 {50/(557)}) 11. Nge2 Bb6 12. Bf2 f6 13. exf6
Rxf6 14. O-O Ng6 $13 {/\Nce7, c6, 50/(557)}) (9. f4 Nge7 10. Be3 O-O 11. Nf3 (
11. Bb5 f6 12. Qd2 fxe5 13. fxe5 Nf5 14. Bf2 Bxc3 15. bxc3 Na5 16. Ra2 Nh4 17.
Be3 c6 18. Bg5 Qb6 19. Bd3 Nc4 20. Qe2 Ng6 21. Qc2 Be6 22. Nf3 Rf7 23. Bc1 Raf8
24. Ng5 Nf4 25. Bxf4 Rxf4 26. Nxe6 Ne3 27. Qb2 {1-0 Varga, Peter - Holzmann,
Herbert/Balatonbereny Hungar 1993}) 11... Bg4 12. Be2 Nf5 13. Bf2 Bxf3 14. Bxf3
Nh4 15. b4 Nxf3+ 16. Qxf3 Bb6 17. Rd1 Ne7 18. f5 f6 19. e6 a5 20. b5 a4 21. O-O
Qd6 22. Bg3 Qd8 23. Bf2 Qd6 24. Bg3 Qd8 25. Rd3 c6 26. bxc6 bxc6 27. Be1 Ra7
28. Ne2 Bc7 29. Qh3 Bd6 30. Qh4 g6 31. g4 g5 32. Qh6 Kh8 33. h4 Ng8 34. Qh5 Rg7
35. Bd2 gxh4 36. Qxh4 Qb6 37. Nf4 Ne7 38. Ng2 Qb5 39. Rdf3 Qb2 40. Be3 Ng8 41.
Kh1 Rb8 42. Bf4 Bc7 43. Bxc7 Rxc7 44. g5 Rg7 45. R3f2 Qxa3 46. gxf6 Rg3 47. Nf4
{1-0 Marin, Mihai - Barle, Janez/Manila Philippines (5) 1992}) 9... Bd7 (9...
Nge7 10. Bg5 O-O $13 {50/(557)}) 10. Nge2 (10. Bxc6 Bxc3+ $1 11. bxc3 Bxc6 $13
{50/(557)}) 10... Bxc3+ 11. bxc3 Nxe5 12. Qb3 $8 c6 13. dxe5 cxb5 14. Nd4 (14.
Qxd5 Qc7 (14... Bc6 15. Qxd8+ Rxd8 16. Nd4 $14 {50/(557)}) 15. O-O Ne7 16. Qd6
Rc8 $13 {Dokhoian,Y, 50/(557)}) 14... Ne7 15. Bg5 O-O 16. O-O Re8 17. f4 Qc7
18. Bxe7 $1 Rxe7 19. Rf3 (19. Qxd5 Qxc3 20. Rac1 Qxa3 $17 {50/(557)}) 19... Qc4
20. Qb2 $44 Rae8 21. Qd2 a6 22. h3 Qc8 23. Qd3 Qc4 24. Qd2 Qc8 25. Qd3 {
1/2-1/2 Khenkin,Igor-Dokhoian,Yury/Werfen (Austria) 1990, 50/(557). 1.d4 Nf6 2.
c4 e6 3.Nc3 Bb4-4.f3 Nc6 5.e4 d5 (25)}) 8... Bd7 9. Bxc6 Bxc6 (9... Bxc3+ $5
10. bxc3 Bxc6 $13) 10. f4 Qd7 $1 (10... Ne7 11. Nf3 $14 {/\0-0}) 11. Nf3 Bxc3+
12. bxc3 Ba4 (12... Bb5 $5 13. a4 Ba6 $13) 13. Qd2 Bb5 14. Kf2 O-O-O 15. a4 Ba6
16. Ba3 h5 17. Bc5 Kb8 18. Rhe1 Nh6 19. Kg1 Rhe8 20. Rab1 Ka8 21. a5 Qf5 $15
22. Rb2 Rb8 23. Nh4 Qg4 (23... Qd3 $5 $15) (23... Qh7 24. Qd1 $1 {><h5}) 24.
Nf3 Re6 $6 (24... Qf5 25. Nh4 Qd3 $15) 25. h3 Qg6 26. Nh4 Qd3 (26... Qg3 $2 27.
Qf2 Qxc3 {- 26...Qd3} (27... Qxf2+ 28. Rxf2 $16)) 27. Qf2 Qxc3 $6 (27... g6 $11
) 28. f5 Ree8 29. Bb4 Qc6 $6 (29... Qd3 $142) 30. Qd2 Ng8 31. Qg5 $16 {|^>>}
Qh6 32. Qg3 Bc4 (32... Rbc8) (32... Ne7 33. Bxe7 Rxe7 34. f6 gxf6 35. Nf5 Qf8
36. Nxe7 Qxe7 37. Qf3 $16) 33. Rf2 $138 Rbc8 $138 34. Kh2 Bb5 35. Nf3 g6 $5 36.
e6 (36. f6 Bd7 37. Ng5 Be6 $13) 36... fxe6 37. fxg6 Nf6 38. Ne5 Ne4 39. Rxe4 $2
(39. Qf4 Qxf4+ 40. Rxf4 $14 b6 {/\c5} (40... Rg8 {/\Be8})) 39... dxe4 40. g7
Rg8 $17 {[#]} 41. Rf8 $5 (41. Rf7 a6 $5 $17 (41... e3 $5)) 41... Kb8 (41...
Rcxf8 42. gxf8=Q+ (42. Bxf8 h4 43. Qg4 e3 $17) 42... Rxf8 43. Bxf8 Qxf8 44. Qe3
$15 {/\g2-g4, o^g}) 42. Rf7 a6 $1 (42... e3 43. a6 $1 Bxa6 (43... bxa6 44. Ba5
$13 {/\Bc7}) (43... h4 44. Qg4 bxa6 45. Be1 $13 {/\Bh4}) 44. Nd7+ Ka8 45. Nf6
$13) (42... h4 43. Qg4 {/\Be1, ><h4}) 43. Nd7+ (43. Ba3 $5 e3 $140 44. Bc1) (
43. Bc5 $5) 43... Bxd7 44. Rxd7 e3 (44... h4 45. Qe5) 45. Bd6 (45. Qe5 e2 $19)
45... e2 (45... cxd6 46. Qxd6+ Ka8 47. Rxb7 $11 Kxb7 48. Qb6+ Ka8 49. Qxa6+ Kb8
50. Qb6+) (45... h4 46. Bxc7+ Ka8 47. Qe5 (47. Qf3 Rxg7 48. Bf4 Rxg2+ 49. Kxg2
Qg6+ $19) 47... e2 $17) 46. Bxc7+ Ka8 47. Bd6 (47. Be5 Qc1 $1 48. Qf3 Qc6 49.
Qxc6 Rxc6 50. Bg3 Rc1 51. Rf7 Rf1 $19) 47... Qc1 48. Bb4 $138 Qc6 $138 49. Rf7
Qc4 50. Qd6 (50. Be1 Qxd4 $19) 50... e5 $1 51. Qe7 (51. d5 Rxg7 52. Rxg7 Qf4+
$19 53. Rg3 (53. Kg1 Rc1+ $19) 53... h4) 51... Rb8 52. dxe5 (52. Rf8 exd4 53.
Bd6 Rc8 $19) 52... Rge8 $1 53. Qf8 $8 Rxf8 54. gxf8=Q Rxf8 55. Rxf8+ Ka7 56.
Be1 Qc5 (56... b5 $19) 57. Rf5 (57. Re8 b5 $19) 57... b6 58. Rf7+ Kb8 59. axb6
Qxe5+ 60. Kg1 Qd4+ 61. Kh2 Qd6+ 62. Kg1 Qxb6+ 63. Rf2 Qd4 64. Kh2 Qd6+ 65. g3
Qd1 0-1

[Event "Corus"]
[Site "Wijk aan Zee"]
[Date "2001.01.22"]
[Round "8"]
[White "Shirov, Alexei"]
[Black "Tiviakov, Sergei"]
[Result "1-0"]
[WhiteElo "2718"]
[BlackElo "2597"]
[Annotator "Tiviakov,S"]
[PlyCount "81"]
[EventDate "2001.01.13"]
[EventType "tourn"]
[EventRounds "13"]
[EventCountry "NED"]
[EventCategory "19"]
[SourceTitle "CBM 081"]
[Source "ChessBase"]
[SourceDate "2001.03.20"]
[SourceVersion "1"]
[SourceVersionDate "2001.03.20"]
[SourceQuality "1"]

{[%mdl 1]} 1. d4 Nf6 2. c4 e6 3. Nc3 Bb4 4. f3 Nc6 5. e4 d5 6. cxd5 exd5 7. e5
Ng8 8. f4 $146 (8. a3 Ba5 {/\Bb6, ><d4}) (8. Bb5 {Ulibin,M-Tiviakov,S/
Hoogeveen 2000}) 8... Nh6 $1 (8... Nge7 9. Be3 $1 O-O 10. Nf3 $14) (8... f6 $5)
9. Nf3 (9. Be2 Bg4 $5 (9... Nf5 10. Nf3 O-O 11. O-O $14) (9... f6 $5) 10. Bxg4
(10. Nf3 {- 9.Nf3 Bg4 10.Be2}) 10... Qh4+ 11. g3 Qxg4 12. Qxg4 Nxg4 13. Nf3 $13
) (9. Be3 $6 Ng4) 9... Bg4 10. Be3 (10. Be2 Nf5 (10... O-O 11. Be3 Nf5 12. Bf2
$14) 11. O-O Ba5 $5 (11... O-O 12. Ng5 $1 Bxe2 13. Nxe2 $14) (11... Bxf3 12.
Bxf3 Nfxd4 13. Nxd5 $14) (11... Qd7 $5 $13 {/\0-0-0}) 12. Ng5 (12. h3 Bxf3 13.
Bxf3 Ncxd4 14. Nxd5 (14. Bxd5 c6 $15) 14... c6 15. Ne3 Ng3 $13) 12... Bxe2 13.
Nxe2 Bb6 (13... Nfxd4 $2 14. Nxd4 Nxd4 15. f5 $40 Bb6 16. Kh1 h6 17. Qh5 $16)
14. Nf3 Qd7 $13 {/\h5, 0-0-0} (14... O-O 15. Qd3 $14)) 10... Nf5 11. Bf2 Bxf3 (
11... O-O 12. Be2 $14) 12. gxf3 O-O 13. Rg1 $6 (13. Qd3 Nce7 (13... Nfxd4 $6
14. Bxd4 Nxd4 {- 13...Ncd4 14.Bd4 Nd4} (14... Qh4+ 15. Bf2 Qxf4 16. Bg3 $16)) (
13... Ncxd4 $5 14. Bxd4 Nxd4 (14... Qh4+ 15. Kd1 $1 (15. Bf2 Qxf4 16. Bg3 Bxc3+
(16... Nxg3 17. hxg3 Qxg3+ (17... Qxe5+ 18. Kf2 h6 19. f4 Qf6 20. Qxd5 $14) 18.
Kd1 h6 $13) 17. bxc3 Nxg3 18. hxg3 Qxg3+ (18... Qxe5+ 19. Kf2 h6 20. Re1 $14)
19. Kd1 h6 $13) 15... Nxd4 (15... Qxf4 16. Ne2) 16. Qxd4 c5 17. Qd3 (17. Qg1 d4
18. Nb1 Qe1+ (18... Qxf4 19. Qg3 $16) 19. Kc2 Bd2 20. Nxd2 Qxa1 21. Bc4 Qxg1
22. Rxg1 $16) 17... Qxf4 (17... d4 18. Nd5 $1 $18 Qe1+ $140 (18... c4 19. Qe4
$18) 19. Kc2 c4 (19... Qxa1 20. Nf6+ $18) 20. Rxe1 cxd3+ 21. Bxd3 Bxe1 22. Rxe1
$18) 18. Nxd5 Qxe5 19. Kc2 $16) 15. Qxd4 c5 (15... Qh4+ 16. Ke2 $16) 16. Qf2 (
16. Qd3 d4 17. a3 dxc3 18. axb4 Qh4+ 19. Ke2 cxb2 20. Rb1 Qxf4 $13) 16... Qa5 (
16... d4 17. O-O-O Qa5 18. Ne4 Qxa2 19. Bd3 $16) 17. O-O-O Bxc3 18. bxc3 Qxc3+
19. Kb1 $14 (19. Qc2 Qxf3) 19... Qb4+ 20. Qb2 Qxf4 21. Rxd5 Rad8 22. Qb3 (22.
Rxc5 Rd1+ 23. Rc1 Rxc1+ 24. Qxc1 Qxf3 25. Rg1 Qe4+ $11) 22... Rfe8 $5 (22...
Rxd5 23. Qxd5 Re8 24. Bc4 Qf5+ 25. Kb2 $16) 23. Rxc5 (23. Bc4 Rxd5 24. Bxd5
Qf5+ $13) 23... Rxe5 (23... b6 24. Rc4 Qf5+ 25. Re4 Rxe5 26. Bh3 Qg6 27. Rhe1
$16) 24. Rxe5 Qxe5 25. Bd3 g6 $14 {/\Rd6-b6, <=>עb1}) 14. Bh3 (14. O-O-O Qd7
$5 $13 (14... Bxc3)) 14... g6 (14... Qd7 $6 15. Bh4) 15. Rg1 Kh8 $13) (13. Bh3
$2 Nfxd4 14. Bxd4 Qh4+ (14... Nxd4 15. Qxd4 Qh4+ 16. Kd2 Bxc3+ 17. Kxc3 Qxh3
18. Qxd5 $15) 15. Bf2 Qxh3 $17) 13... Ncxd4 $5 (13... Nfxd4 $5 {(Kasparov)} 14.
Bxd4 Qh4+ 15. Bf2 (15. Rg3 Qxf4 (15... Qxh2 16. Bf2 d4 17. a3 dxc3 18. axb4
Rad8 $13) 16. a3 (16. Rg4 Qxh2 17. e6 (17. Qd2 Qxd2+ 18. Kxd2 h5 $17) (17. Qe2
Qxe2+ 18. Bxe2 (18. Kxe2 h5 $19) 18... h5 $17) 17... g6 18. exf7+ Rxf7 $15)
16... Qxd4 (16... Nxd4 17. axb4 Qxe5+ $15) 17. axb4 Qxe5+ $15 {><b4}) 15...
Qxf4 16. Be2 Qxe5 (16... Rad8 $13) (16... Rfd8 $13) 17. Kf1 $13) (13... Nce7
$11 {/\c5}) 14. Bxd4 Qh4+ 15. Bf2 Qxf4 16. Bd3 $1 (16. Be2 d4 $1 (16... Qxe5
17. Kf1 c6 $13 (17... Bxc3 18. bxc3 c6 $13)) 17. Rg4 Qxh2 18. Qd3 (18. Bxd4
Rad8 $19) 18... h5 $1 19. Rxd4 Nxd4 20. Qxd4 Bxc3+ 21. bxc3 Rfe8 $15) (16. a3
Qxe5+ 17. Be2 Bxc3+ 18. bxc3 Qxc3+ 19. Kf1 Qe5 $15) (16. Rg4 Qxe5+ 17. Be2
Bxc3+ 18. bxc3 Qxc3+ $15) 16... d4 $6 (16... Qxe5+ 17. Kf1 Bxc3 18. bxc3 Ne3+
19. Bxe3 Qxe3 $13) (16... Rfe8 17. Kf1 Bxc3 18. bxc3 Rxe5 $11) 17. Rg4 Qxe5+
18. Qe2 (18. Re4 $2 Qxh2 $19) (18. Kf1 dxc3 19. Rxb4 Rad8 $40) 18... Qa5 (18...
dxc3 19. Qxe5 Rae8 20. O-O-O Rxe5 21. Rxb4 cxb2+ 22. Rxb2 $16) (18... Qxe2+ 19.
Kxe2 dxc3 20. Rxb4 Rfe8+ 21. Kf1 (21. Be4 Nd6 $11 {/\f5}) 21... cxb2 (21...
Ne3+ 22. Bxe3 Rxe3 23. Be4 $16) 22. Rxb2 Nd6 23. Rc1 $16 {^^}) 19. O-O-O $1
dxc3 (19... h5 $5 20. Rg5 (20. Rxd4 Bxc3 (20... Nxd4 21. Bxd4 $40) 21. bxc3 (
21. Rc4 Bf6 22. Rc5 Qxa2 $13) 21... Qxc3+ 22. Kb1 Nxd4 23. Bxd4 Qb4+ (23...
Qxd4 $4 24. Bh7+ $18) 24. Bb2 $40 {^^}) 20... dxc3 21. Bxf5 (21. bxc3 Bxc3 22.
Rxf5 Qa3+ 23. Kb1 Qb4+ 24. Kc1 Qa3+ $11) 21... Qxa2 (21... Rfe8 22. Bh7+ Kh8
23. Qxe8+ Rxe8 24. Rxa5 Bxa5 25. Be4 $18) 22. Rdg1 Qxb2+ 23. Qxb2 cxb2+ 24.
Kxb2 g6 25. Rxh5 $16) 20. Bxf5 Qxf5 (20... cxb2+ 21. Qxb2 Bc3 22. Qc2 g6 23.
Ra4 Qxf5 (23... Qe5 24. Bd7 $16 (24. Bd3 $5)) 24. Qxc3 $16) 21. Rxb4 Rae8 22.
Re4 cxb2+ (22... Qf4+ 23. Kb1 Rxe4 24. fxe4 (24. Qxe4 $2 Qxh2) 24... cxb2 (
24... Qxh2 25. bxc3 $16) 25. Bg3 $14) 23. Kxb2 Rxe4 24. Qxe4 (24. fxe4 $14)
24... Qb5+ (24... Qxe4 25. fxe4 $16 {/\Rd7, ׫}) 25. Ka1 b6 26. Bd4 Qd7 $1 {
[/\f6]} (26... Re8 27. Qg4 g6 $16 {גa1-h8}) (26... f6 $6 27. Qe6+ Kh8 28. Qe7
Re8 29. Qxc7 Qa4 30. Qc1 $16) 27. Rd2 $1 (27. Rg1 f6 $11) 27... Re8 $138 (27...
c5 $5 28. Bc3 Qh3 29. Qg4 Qf1+ (29... Qxg4 30. fxg4 $16 {/\Rd7}) 30. Kb2 Qb5+
31. Kc1 f6 32. h4 $14 (32. Rd7 Qf1+ 33. Kc2 Qe2+ 34. Bd2 Rf7 $13)) (27... f6 $5
28. Bc3 (28. Be3 Qe8) 28... Qe8 (28... Qb5 29. Qe6+ $14) 29. Qc4+ (29. Qxe8
Rxe8 $11 {/\Re3}) 29... Rf7 (29... Qf7 30. Qc6 $16) 30. Rd5 $1 Qe7 (30... c5
31. h4 $16 h6 $140 32. Qd3 Rf8 (32... Qe6 33. Rd6) 33. Rd7) 31. Qc6 a5 32. h4
h6 33. h5 Kh7 $14) 28. Bc3 Qb5 29. a4 $1 (29. Qd4 f6 $11 (29... Re1+ 30. Rd1
Rxd1+ 31. Qxd1 $14)) 29... Rxe4 $8 (29... Qf1+ 30. Kb2 Rf8 31. Qe5 $18) 30.
axb5 Ra4+ $8 31. Kb2 f6 $4 (31... Kf8 32. Kb3 (32. Rd7 Rc4 33. Kb3 Rc5 34. Bb4
Ke8 $1 $11) (32. Rd4 Rxd4 33. Bxd4 f6 $8 34. Kc3 Ke7 35. Kc4 Kd6 $11 {/\c6})
32... Rf4 33. Rd7 Rf5 34. Rxc7 (34. Ka4 Rc5 35. Bb4 Ke8) 34... Rxb5+ 35. Bb4+
Ke8 36. Rxa7 (36. Re7+ Kd8 37. Rxf7 $140 $4 a5) 36... Rf5 37. Re7+ Kd8 38. Re3
Kd7 $14 (38... Rh5 $5)) 32. Kb3 $1 (32. Rd4 Rxd4 33. Bxd4 Kf7 $11) (32. Rd8+
Kf7 33. Rd7+ Kg6 34. Kb3 $18 (34. Rxc7 a6 $14)) 32... Rf4 (32... Rh4 $142 33.
Rd8+ Kf7 34. Rd7+ Kg6 35. Rxc7 Rxh2 36. Rxa7 $18) 33. Rd8+ Kf7 34. Rd7+ Kg6 35.
Rxc7 Rxf3 (35... Rf5 36. Kc4 Rf4+ 37. Bd4 $18) 36. Rxa7 Rf5 37. Kc4 Rc5+ 38.
Kb4 Rd5 39. Rb7 Rd6 40. Kc4 h5 41. Bd4 1-0

[Event "EU-Cup 32nd"]
[Site "Novi Sad"]
[Date "2016.11.07"]
[Round "2.1"]
[White "Van Wely, Loek"]
[Black "Klein, David"]
[Result "1-0"]
[WhiteElo "2685"]
[BlackElo "2513"]
[Annotator "Van Wely,L"]
[PlyCount "39"]
[EventDate "2016.11.06"]
[EventType "team-swiss"]
[EventRounds "7"]
[EventCountry "SRB"]
[SourceTitle "CBM 176"]
[Source "ChessBase"]
[SourceDate "2017.01.17"]
[SourceVersion "1"]
[SourceVersionDate "2017.01.17"]
[SourceQuality "1"]
[WhiteTeam "Zuerich SG"]
[BlackTeam "Kennemer Combinatie"]
[WhiteTeamCountry "SUI"]
[BlackTeamCountry "NED"]

{Maybe this was not the most exciting of games, but from an educational point
of view it was definitely a rich game. Apart from that, there was something
else at stake: prestige. In 2015 I changed clubs in Holland, I started to play
for the Kennemer Combinatie, in fact the same guys we were playing today. I
helped them a bit to qualify for the European Club Cub, and as a good traitor
does, I left them when they needed me the most. Instead of friendship I chose
Swiss Francs :) In order to be able to play for the Kennemer Combinatie you
need to able to scream well, needless to say, when I did my audition, I passed
the exam summa cum laude! My opponent, David Klein used to be quite a gifted
boy, unfortunately he didn't always show up when I was giving training; today
I made him pay for that.} 1. d4 Nf6 2. c4 e6 3. Nc3 {In most of my games I
play Nf3 here, but first of of all I was sure my opponent had prepared very
well for this game, since I had the feeling this was the most important game
of his life :) Secondly I noticed he had one obscure game in the Nimzo, so I
wanted to test him there.} Bb4 4. Nf3 c5 5. g3 Bxc3+ {Not the most common move,
that's why it caught my interest.} 6. bxc3 Qa5 7. Qd3 ({More often they
continue here with} 7. Bd2 {but this bishop looks quite stupid on d2, doesn't
it?}) 7... b6 8. Bg2 Bb7 9. d5 $5 {I must say I hadn't prepared particularly
well for this game (I mean: why would I ? :) and the move played was already
an over the board inspiration. However I had the feeling, once I allow ...Be4,
things are pretty much ok for Black. Here however, David makes a serious
mistake, not so much the move played, although it's a bad move, it was more
how he handled the situation} O-O $2 {His biggest mistake, in my opinion is,
once you are faced with a surprise, you should take your time. But he didn't.
Not only that, when your opponent sacrifices a pawn, it's refutation normally
starts with accepting it. But he didn't, probably because it looked a bit
scary, so he chose the lazy (but not very good) castling kingside.} (9... exd5
$1 {would have taken up the challenge} 10. Qe3+ (10. cxd5 Bxd5 11. O-O {
looks similar to what was played in the game}) 10... Kf8 (10... Ne4 {is
probably also possible}) 11. O-O dxc4 12. Qf4 {and this is just a very unclear
position!}) 10. O-O $2 {Doesn't punish Black.} (10. Bg5 {was my original
intention, however I simply wrongly evaluated that after} Ne4 11. O-O f5 12.
Rfc1 {followed by Bf4, Black has serious problems to complete his development.}
({by the way} 12. dxe6 dxe6 13. Nd2 Nc6 14. Nxe4 Ne5 15. Qd6 Nf7 16. Qxe6 fxe4
{is also better for White})) 10... exd5 11. cxd5 Bxd5 12. Bg5 c4 13. Qf5 Ne4 ({
My idea was that after} 13... Bc6 14. Qxa5 bxa5 15. Bxf6 gxf6 16. Rfd1 {
although Black is a pawn up (for what it's worth), the endgame is pretty
hopeless with my knight soon landing on f5 for example.}) 14. Be7 g6 15. Qf4
Re8 $2 {Here David commits his 2nd (and fatal this time) mistake. Once again
it's a crucial moment in the game. First of all he had some options, in this
case trying to regain the initiative. Being able to change the course of the
game is an important weapon, since many don't react well to a change of
circumstances. Last but not least, he had a nice trick up his sleeve, but did
I really miss that? Maybe he was just being naive there. At least, once again
he should have double-checked it.} ({After} 15... Nc6 16. Bxf8 Rxf8 17. Rfc1
Nxc3 18. Qd2 Na4 $1 {it would still have been a tough game.}) 16. Bb4 Nxc3 $2 {
With a lot of force David took here on c3. Kramnik looked a bit confused, who
is this guy?, and didn't he just blunder? :)} 17. Bxc3 Qxc3 18. Ng5 Qe5 19.
Bxd5 Qxd5 20. e4 {The "little"detail David had missed but shouldn't have
missed. The most logical move would have been 20.Rad1, but then there is still
...Qf5. If you think a little bit further, you realise e4 attacks the queen
and prevents ...Qf5 as well. So I sent David back to bed crying but it seems 
(?) he has learned his lesson well, because in the Dutch League he has been a
good boy (finally!).} 1-0